000 00213nam a22000857a 4500
008 170104b xxu||||| |||| 00| 0 eng d
100 _92248
_aGupt.G
245 _aThe World Around Me -4
260 _aNew Delhi
_bG.R.B
_c2012
999 _c5135
_d5135